Oriental literature /

Bibliographic Details
Format: Book
Language:English
Published: New York : Colonial Press, [1900]
Edition:Rev. ed.
Series:World's great classics.

MARC

Tag First Indicator Second Indicator Subfields
LEADER 00000cam a2200000 4500
001 in00000683025
005 20151015161026.0
008 720830s1900 nyua 00000 eng u
035 |a (OCoLC)00395753 
035 |9 ACZ3404AM 
040 |c DAY  |d TXA  |d UtOrBLW 
049 |a TXAM  |v 1 [113370]  |v 2 [113371]  |v 3 [113372]  |v 4 [113373] 
090 |a PJ409  |b .O7 
092 |a 891.5  |b O69 
245 0 0 |a Oriental literature /  |c With a special introduction by Richard J. H. Gottheil. 
250 |a Rev. ed. 
264 1 |a New York :  |b Colonial Press,  |c [1900] 
264 4 |c [©1900] 
300 |a 4 volumes :  |b illustrations 
336 |a text  |b txt  |2 rdacontent 
337 |a unmediated  |b n  |2 rdamedia 
338 |a volume  |b nc  |2 rdacarrier 
490 1 |a The World's great classics 
505 0 |a v.1-2. The literature of Persia.- v.3. The literature of India.--v. 4. The literature of China. 
830 0 |a World's great classics. 
999 |a MARS 
999 f f |s 84e725db-4b3a-30af-a74c-3554c05eceaa  |i 3756e1cc-d1c9-3822-8a14-3190e321f0fe  |t 0 
952 f f |p ric  |a Texas A&M University  |b Rellis Campus  |c Joint Library Facility  |d Remote Storage  |t 0  |e PJ409 .O7  |h Library of Congress classification  |i unmediated -- volume  |k v.1  |m A14801394213 
952 f f |p ric  |a Texas A&M University  |b Rellis Campus  |c Joint Library Facility  |d Remote Storage  |t 0  |e PJ409 .O7  |h Library of Congress classification  |i unmediated -- volume  |k v.4  |m A14801394247 
952 f f |p ric  |a Texas A&M University  |b Rellis Campus  |c Joint Library Facility  |d Remote Storage  |t 0  |e PJ409 .O7  |h Library of Congress classification  |i unmediated -- volume  |k v.2  |m A14801394221 
952 f f |p ric  |a Texas A&M University  |b Rellis Campus  |c Joint Library Facility  |d Remote Storage  |t 0  |e PJ409 .O7  |h Library of Congress classification  |i unmediated -- volume  |k v.3  |m A14801394239 
998 f f |a PJ409 .O7  |s v.1-v.4  |t 0  |l Remote Storage